Colección legislativa de Estadística / (Record no. 102486)

MARC details
000 -LEADER
campo de control de longitud fija 01074nam a2200169 i 4500
001 - NÚMERO DE CONTROL
campo de control 102486
003 - IDENTIFICADOR DE NÚMERO DE CONTROL
campo de control ES-MaACL
005 - FECHA Y HORA DE LA ÚLTIMA TRANSACCIÓN
campo de control 20230906183123.0
007 - CAMPO FIJO DE DESCRIPCIÓN FÍSICA--INFORMACIÓN GENERAL
campo de control de longitud fija t|
008 - DATOS DE LONGITUD FIJA--INFORMACIÓN GENERAL
campo de control de longitud fija 160226s1862 sp ||||1| spa d
245 00 - MENCIÓN DEL TÍTULO
Título Colección legislativa de Estadística /
Mención de responsabilidad, etc. publicada por acuerdo de la misma Junta general de Estadística.
260 ## - PUBLICACIÓN, DISTRIBUCIÓN, ETC.
Lugar de publicación, distribución, etc. Madrid :
Nombre del editor, distribuidor, etc. [s.n.],
Fecha de publicación, distribución, etc. 1862 (
Fabricante Imp. Nacional)
300 ## - DESCRIPCIÓN FÍSICA
Extensión XL, 506 p. ;
Dimensiones 26 cm.
500 ## - NOTA GENERAL
Nota general En port.: Comprende una ojeada sobre la estadística de los tiempos antiguos, un índice de las disposiciones referentes al ramo consignadas en los tomos de Decretos hasta la creación de la Comisión general, otro de las que sobre la estadística de los ramos que tienen á su cargo han dictado posteriormente á aquella época los diferentes centros de la Administración pública; y por último las Leyes, Reales decretos, reales órdenes y disposiciones de la Comisión (hoy Junta general de Estadística) sobre los objetos de su instituto.
650 #4 - PUNTO DE ACCESO ADICIONAL DE MATERIA--TÉRMINO DE MATERIA
Término de materia o nombre geográfico como elemento de entrada Estadística-
Subdivisión de forma Legislación-
Subdivisión geográfica España.
9 (RLIN) 158863
852 ## - LOCALIZACIÓN
Ubicación ES-MaACL
Número de control de estantería C-12807
Holdings
Estatus retirado Estado de pérdida Estado de daño No para préstamo Colección Biblioteca de origen Biblioteca actual Ubicación en estantería Fecha de adquisición Fuente de adquisición Total de préstamos Signatura topográfica completa Código de barras Visto por última vez Precio de reemplazo Tipo de ítem Koha
        Libros del s. XIX Biblioteca del Ateneo de Madrid Biblioteca del Ateneo de Madrid Sala Palomar 25/02/2016     C-12807 1194794 23/02/2023 23/02/2023 Libro impreso antiguo